<?xml version="1.0" encoding="UTF-8"?>
<record
    xmlns:xsi="http://www.w3.org/2001/XMLSchema-instance"
    xsi:schemaLocation="http://www.loc.gov/MARC21/slim http://www.loc.gov/standards/marcxml/schema/MARC21slim.xsd"
    xmlns="http://www.loc.gov/MARC21/slim">

  <leader>00681nam a2200217 a 4500</leader>
  <controlfield tag="001">BRL_618</controlfield>
  <controlfield tag="005">20190320210826.0</controlfield>
  <controlfield tag="008">100913s1943----ag-a######---#000-0dspa-#</controlfield>
  <datafield tag="041" ind1=" " ind2=" ">
    <subfield code="a">spa</subfield>
  </datafield>
  <datafield tag="044" ind1=" " ind2=" ">
    <subfield code="a">ag</subfield>
  </datafield>
  <datafield tag="050" ind1=" " ind2="4">
    <subfield code="a">ML196</subfield>
    <subfield code="b">.M38 1943</subfield>
  </datafield>
  <datafield tag="100" ind1="1" ind2=" ">
    <subfield code="a">Mauclair, Camilo</subfield>
    <subfield code="9">24444</subfield>
  </datafield>
  <datafield tag="245" ind1="1" ind2="0">
    <subfield code="a">Historia de la M&#xFA;sica Moderna, 1850-1914</subfield>
    <subfield code="b">Los hombres - Las ideas - Las obras</subfield>
    <subfield code="c">Camilo Mauclair ; Versi&#xF3;n espa&#xF1;ola de Jos&#xE9; M. Borr&#xE1;s</subfield>
  </datafield>
  <datafield tag="260" ind1=" " ind2=" ">
    <subfield code="a">Buenos Aires</subfield>
    <subfield code="b">Editorial Schapire</subfield>
    <subfield code="c">1943</subfield>
  </datafield>
  <datafield tag="300" ind1=" " ind2=" ">
    <subfield code="a">263</subfield>
    <subfield code="b">il.</subfield>
    <subfield code="c">20 p.</subfield>
  </datafield>
  <datafield tag="500" ind1=" " ind2=" ">
    <subfield code="a">Au709</subfield>
  </datafield>
  <datafield tag="650" ind1="1" ind2="4">
    <subfield code="a">M&#xFA;sica</subfield>
    <subfield code="x">Historia y cr&#xED;tica</subfield>
    <subfield code="y">Siglo XIX</subfield>
    <subfield code="9">24445</subfield>
  </datafield>
  <datafield tag="700" ind1="1" ind2=" ">
    <subfield code="a">M. Borr&#xE1;s, Jos&#xE9;</subfield>
    <subfield code="e">tr.</subfield>
    <subfield code="9">24446</subfield>
  </datafield>
  <datafield tag="902" ind1=" " ind2=" ">
    <subfield code="a">GRL</subfield>
  </datafield>
  <datafield tag="942" ind1=" " ind2=" ">
    <subfield code="2">lcc</subfield>
    <subfield code="c">B</subfield>
  </datafield>
  <datafield tag="999" ind1=" " ind2=" ">
    <subfield code="c">9430</subfield>
    <subfield code="d">9430</subfield>
  </datafield>
  <datafield tag="952" ind1=" " ind2=" ">
    <subfield code="0">0</subfield>
    <subfield code="1">0</subfield>
    <subfield code="4">0</subfield>
    <subfield code="7">0</subfield>
    <subfield code="a">BRL</subfield>
    <subfield code="b">BRL</subfield>
    <subfield code="d">2013-09-10</subfield>
    <subfield code="i">Au709</subfield>
    <subfield code="l">0</subfield>
    <subfield code="o">ML196 .M38 1943 (Au709)</subfield>
    <subfield code="p">GRL00676</subfield>
    <subfield code="r">2019-03-22 00:00:00</subfield>
    <subfield code="w">2019-03-22</subfield>
    <subfield code="y">B</subfield>
  </datafield>
</record>
